Score 0/296 Timer 05:00
3 Plays Today
% Correct
Iron
98.5%
Iron
98.5%
Iron
98.5%
Iron
98.5%
Iron
98.5%
Iron
98.5%
Iron
98.5%
Iron
98.5%
Iron
98.5%
Iron
98.5%
Iron
98.5%
Iron
98.5%
Iron
98.5%
Iron
98.5%
Iron
98.5%
Iron
98.5%
Iron
98.5%
Iron
98.5%
Iron
98.5%
Iron
98.5%
Iron
98.5%
Iron
98.5%
Iron
98.5%
Iron
98.5%
Iron
98.5%
Iron
98.5%
Iron
98.5%
Iron
98.5%
Iron
98.5%
Iron
98.5%
Iron
98.5%
Iron
98.5%
Iron
98.5%
Iron
98.5%
Iron
98.5%
Iron
98.5%
Iron
98.5%
Driving
Under the
Infuence
95.5%
Driving Under the Infuence
95.5%
Driving Under the Infuence
95.5%
Driving Under the Infuence
95.5%
Driving Under the Infuence
95.5%
Driving Under the Infuence
95.5%
Driving Under the Infuence
95.5%
Driving Under the Infuence
95.5%
Driving Under the Infuence
95.5%
Driving Under the Infuence
95.5%
Driving Under the Infuence
95.5%
Driving Under the Infuence
95.5%
Driving Under the Infuence
95.5%
Driving Under the Infuence
95.5%
Driving Under the Infuence
95.5%
Driving Under the Infuence
95.5%
Driving Under the Infuence
95.5%
Driving Under the Infuence
95.5%
Driving Under the Infuence
95.5%
Driving Under the Infuence
95.5%
Driving Under the Infuence
95.5%
Driving Under the Infuence
95.5%
Driving Under the Infuence
95.5%
Driving Under the Infuence
95.5%
Driving Under the Infuence
95.5%
Driving Under the Infuence
95.5%
Driving Under the Infuence
95.5%
Driving Under the Infuence
95.5%
Driving Under the Infuence
95.5%
Driving Under the Infuence
95.5%
Driving Under the Infuence
95.5%
Driving Under the Infuence
95.5%
Driving Under the Infuence
95.5%
Driving Under the Infuence
95.5%
Driving Under the Infuence
95.5%
Driving Under the Infuence
95.5%
Driving Under the Infuence
95.5%
Tiger
94.7%
Tiger
94.7%
Tiger
94.7%
Tiger
94.7%
Tiger
94.7%
Tiger
94.7%
Tiger
94.7%
Tiger
94.7%
Tiger
94.7%
Tiger
94.7%
Tiger
94.7%
Tiger
94.7%
Tiger
94.7%
Tiger
94.7%
Tiger
94.7%
Tiger
94.7%
Tiger
94.7%
Tiger
94.7%
Tiger
94.7%
Tiger
94.7%
Tiger
94.7%
Tiger
94.7%
Tiger
94.7%
Tiger
94.7%
Tiger
94.7%
% Correct
Tiger
94.7%
Tiger
94.7%
Tiger
94.7%
Tiger
94.7%
Tiger
94.7%
Tiger
94.7%
Tiger
94.7%
Tiger
94.7%
Tiger
94.7%
Tiger
94.7%
Tiger
94.7%
Orange
County
91.3%
Orange County
91.3%
Orange County
91.3%
Orange County
91.3%
Orange County
91.3%
Orange County
91.3%
Orange County
91.3%
Orange County
91.3%
Orange County
91.3%
Orange County
91.3%
Orange County
91.3%
Orange County
91.3%
Orange County
91.3%
Orange County
91.3%
Orange County
91.3%
Orange County
91.3%
Orange County
91.3%
Orange County
91.3%
Orange County
91.3%
Orange County
91.3%
Orange County
91.3%
Orange County
91.3%
Orange County
91.3%
Orange County
91.3%
Orange County
91.3%
Orange County
91.3%
Orange County
91.3%
Orange County
91.3%
Orange County
91.3%
Orange County
91.3%
Orange County
91.3%
Orange County
91.3%
Orange County
91.3%
Orange County
91.3%
Orange County
91.3%
Orange County
91.3%
Orange County
91.3%
Masters
89.3%
Masters
89.3%
Masters
89.3%
Masters
89.3%
Masters
89.3%
Masters
89.3%
Masters
89.3%
Masters
89.3%
Masters
89.3%
Masters
89.3%
Masters
89.3%
Masters
89.3%
Masters
89.3%
Masters
89.3%
Masters
89.3%
Masters
89.3%
Masters
89.3%
Masters
89.3%
Masters
89.3%
Masters
89.3%
Masters
89.3%
Masters
89.3%
Masters
89.3%
Masters
89.3%
Masters
89.3%
Masters
89.3%
Masters
89.3%
Masters
89.3%
Masters
89.3%
Masters
89.3%
Masters
89.3%
Masters
89.3%
Masters
89.3%
Masters
89.3%
Masters
89.3%
Masters
89.3%
Masters
89.3%
Golf
88.3%
Golf
88.3%
Golf
88.3%
Golf
88.3%
Golf
88.3%
Golf
88.3%
Golf
88.3%
Golf
88.3%
Golf
88.3%
Golf
88.3%
Golf
88.3%
Golf
88.3%
Golf
88.3%
Golf
88.3%
% Correct
Golf
88.3%
Golf
88.3%
Golf
88.3%
Golf
88.3%
Golf
88.3%
Golf
88.3%
Golf
88.3%
Golf
88.3%
Golf
88.3%
Golf
88.3%
Golf
88.3%
Golf
88.3%
Golf
88.3%
Golf
88.3%
Golf
88.3%
Golf
88.3%
Golf
88.3%
Golf
88.3%
Golf
88.3%
Golf
88.3%
Golf
88.3%
Golf
88.3%
Golf
88.3%
Cypress
87.5%
Cypress
87.5%
Cypress
87.5%
Cypress
87.5%
Cypress
87.5%
Cypress
87.5%
Cypress
87.5%
Cypress
87.5%
Cypress
87.5%
Cypress
87.5%
Cypress
87.5%
Cypress
87.5%
Cypress
87.5%
Cypress
87.5%
Cypress
87.5%
Cypress
87.5%
Cypress
87.5%
Cypress
87.5%
Cypress
87.5%
Cypress
87.5%
Cypress
87.5%
Cypress
87.5%
Cypress
87.5%
Cypress
87.5%
Cypress
87.5%
Cypress
87.5%
Cypress
87.5%
Cypress
87.5%
Cypress
87.5%
Cypress
87.5%
Cypress
87.5%
Cypress
87.5%
Cypress
87.5%
Cypress
87.5%
Cypress
87.5%
Cypress
87.5%
Cypress
87.5%
Prodigy
87%
Prodigy
87%
Prodigy
87%
Prodigy
87%
Prodigy
87%
Prodigy
87%
Prodigy
87%
Prodigy
87%
Prodigy
87%
Prodigy
87%
Prodigy
87%
Prodigy
87%
Prodigy
87%
Prodigy
87%
Prodigy
87%
Prodigy
87%
Prodigy
87%
Prodigy
87%
Prodigy
87%
Prodigy
87%
Prodigy
87%
Prodigy
87%
Prodigy
87%
Prodigy
87%
Prodigy
87%
Prodigy
87%
Prodigy
87%
Prodigy
87%
Prodigy
87%
Prodigy
87%
Prodigy
87%
Prodigy
87%
Prodigy
87%
Prodigy
87%
Prodigy
87%
Prodigy
87%
Prodigy
87%
Tiger Woods
83.8%
Remove Ads.
Support Sporcle.
Get the best of Sporcle when you Go Orange. This ad-free experience offers more features, more stats, and more fun while also helping to support Sporcle. Thank you for becoming a member.

You're not logged in!

Compare scores with friends on all Sporcle quizzes.
OR
Log In

Show Comments

Extras

Top Quizzes Today


Score Distribution

Your Account Isn't Verified!

In order to create a playlist on Sporcle, you need to verify the email address you used during registration. Go to your Sporcle Settings to finish the process.

Report this User

Report this user for behavior that violates our Community Guidelines.

Details: